00354nam a2200121Ia 4500008004100000082001800041100001900059245002800078260004500106300001000151630003800161650003300199211118s9999||||xx |||||||||||||| ||und|| a571.92bHOL-D aHolliday, Paul 0aDictionary of Pathology bCambridge University PressaLondonc2008 a369p. xPhysiologyPost Graduate Reference aBiologyvLife SciencesBotany